[Event "NOR-ch U14"]
[Site "Bergen"]
[Date "2015.11.??"]
[Round "6"]
[White "Birnie, Scott"]
[Black "Sathre, Magnus"]
[Result "0-1"]
[WhiteElo "929"]
[BlackElo "861"]
[PlyCount "114"]
[EventDate "2015.11.13"]
[EventType "swiss"]
[EventRounds "7"]
[EventCountry "NOR"]
[SourceTitle "EXT 2024"]
[Source "ChessBase"]
[SourceDate "2023.10.10"]
[SourceVersion "1"]
[SourceVersionDate "2023.10.10"]
[SourceQuality "1"]

1. e4 c5 2. Nf3 d6 3. c3 Nc6 4. Bb5 Bd7 5. 0-0 Nf6 6. Re1 a6 7. Bf1 e6 8. d4 cxd4 9. cxd4 Be7 10. Bf4 0-0 11. Nc3 d5 12. exd5 Nxd5 13. Nxd5 exd5 14. Qb3 Bc8 15. Re3 Bd6 16. Be5 Bxe5 17. dxe5 b5 18. Rd1 Be6 19. Nd4 Nxd4 20. Rxd4 Qe7 21. Qb4 Qxb4 22. Rxb4 Rac8 23. f4 Rfd8 24. Bd3 d4 25. Re4 Bf5 26. Rexd4 Bxd3 27. Rxd8+ Rxd8 28. Kf2 Bf5 29. Kf3 Be6 30. a4 Rb8 31. axb5 axb5 32. h3 h5 33. g4 hxg4+ 34. hxg4 g6 35. b3 Kf8 36. Kg3 Ke7 37. Kh4 Bd7 38. Kg5 Rc8 39. f5 gxf5 40. gxf5 Rg8+ 41. Kf4 Rh8 42. Kg5 Rh3 43. Kg4 Rd3 44. Kf4 Bc6 45. Kg4 Re3 46. Kf4 Rd3 47. Kg4 Rd5 48. Kf4 f6 49. e6 Kd6 50. Re4 Rxf5+ 51. Kxf5 Bxe4+ 52. Kxe4 Kxe6 53. b4 Kd6 54. Kd4 f5 55. Ke3 Kd5 56. Kd3 f4 57. Ke2 Kc4 0-1